| 000 | 01172nam a22002057a 4500 | ||
|---|---|---|---|
| 999 |
_c63625 _d63625 |
||
| 003 | Ge_BSU | ||
| 005 | 20251117185722.0 | ||
| 008 | 251117b1970 ge ||||| |||| 00| 0 geo d | ||
| 041 | _ageo | ||
| 080 | _a94(5) + 94(6) დ-74 | ||
| 100 |
_aდონაძე, ვარლამი _926247 |
||
| 245 |
_aაზიისა და აფრიკის ქვეყნების უახლესი ისტორია. ნაწილი 2. ნაკვეთი 1 : _b (1945-1968) / _c ვ. დონაძე, ალ. მენთეშაშვილი, ი. ცინცაძე. |
||
| 264 |
_aთბილისი : _bთბილისის უნივერსიტეტის გამომცემლობა, _c1970. |
||
| 300 |
_a316 გვ. : _bპორტრ. ; _c22 სმ. |
||
| 653 | _aაზიის ქვეყნების ისტორია | ||
| 653 | _aაფრიკის ქვეყნების ისტორია | ||
| 700 |
_aმენთეშაშვილი, ალბერტ _eავტორი _924353 |
||
| 700 |
_aცინცაძე, იოსებ _eავტორი _926248 |
||
| 942 |
_2udc _cBK |
||